00513 a2200157 4500010001400000020002300014035001300037037001600050082001400066100001600080245010700096260004600203270006200249300002500311500001900336 aENG-88851 a0195689313c595.00 aEN-72384 bDBAD / PUB a338.609541 aGhosh, D.N.1 aGovernance and accountability :bessays on the Indian financial and corporate sectors /cby D.N. Ghosh aNew DelhibOxford University Pressc2007 aYMCA Library Building, Jai Singh RoadcNew Delhie110 001 ax, 257p.c22cm (Hb) aIncludes index